000 00998nam a2200265Ia 4500
003 OSt
005 20220923211350.0
006 a|||||r|||| 00| 0
007 ta
008 220922b |||||||| |||| 00| 0 hin d
020 _a9788185999968 (hbk)
_c297.5
024 _a245,554
037 _b371, 11/02/2011, Swaraj Prakashan
_cTextual
040 _aARTS
_cARTS
_bhin
041 _2hin
_ahin
082 _a4wN37, 152Q0
100 _aअवस्थी, रेखा, संपा.
245 0 _aहद से अनहद गये
_b प्रभात जोशी
246 _aHad se anahad gaye: prabhāt joshī: smṛuti sanchayana
260 _aनई दिल्ली
_b स्वराज प्रकाशन
_c2010
300 _a144पृ.
_ccm.
650 _aहिन्दी पत्रकारिता
942 _h4wN37, 152Q0
_cTEXL
_2CC
999 _c298814
_d298814